UBT Library

Die büro-bibel : (Record no. 222)

000 -LEADER
fixed length control field 00615nam a22002177a 4500
008 - FIXED-LENGTH DATA ELEMENTS--GENERAL INFORMATION
fixed length control field 131030b xxu||||| |||| 00| 0 ger d
020 ## - INTERNATIONAL STANDARD BOOK NUMBER
International Standard Book Number 3709300975
041 1# - LANGUAGE CODE
Language code of text/sound track or separate title ger
080 ## - UNIVERSAL DECIMAL CLASSIFICATION NUMBER
Universal Decimal Classification number 316.77
100 1# - Rafti
Rafti Cerwinka, Gabriele
245 ## - TITLE STATEMENT
Title Die büro-bibel :
Statement of responsibility, etc Gabriele Cerwinka
260 ## -
-- Wien :
-- Linde international ;
-- 2006.
300 ## -
-- 370 f. :
-- 21 cm.
500 ## -
-- Vorwort : f. 7
505 ## -
-- Literaturliste : f. 361
650 ## -
-- Sociologjia e komunikimit
650 ## -
-- Komunikimi
650 ## -
-- Komunikimi ne administrimin publik
700 1# -
-- Schranz, Gabriele
942 ## - ADDED ENTRY ELEMENTS (KOHA)
Source of classification or shelving scheme
Item type Books
Holdings
Withdrawn status Lost status Source of classification or shelving scheme Damaged status Not for loan Collection code Permanent location Current location Shelving location Date acquired Total Checkouts Full call number Barcode Date last seen Koha item type
          Koleksioni i përgjithshem UBT - Prishtine UBT - Prishtine Koleksioni i përgjithshem 10/30/2013   316.77 CER 001-000252 10/30/2013 Books
UBT Library © 2015-2024. All rights reserved University Education for Business and Technology